书目信息 |
| 题名: |
中国近代手工业史资料
|
|
| 作者: | 彭泽益 编 | |
| 分册: | 第一卷 | |
| 出版信息: | 北京 中华书局 1984 |
|
| 页数: | 617页 | |
| 开本: | 21cm | |
| 丛书名: | ||
| 单 册: | ||
| 中图分类: | F429.5 | |
| 科图分类: | ||
| 主题词: | 工业史-手工业--中国--近代 , 工业经济--中国 , 手工业-工业史--中国--近代 | |
| 电子资源: | ||
| ISBN: | ||
| 000 | 00695nam0 2200241 45 | |
| 001 | 0184013276 | |
| 005 | 20061028164121.68 | |
| 010 | @dCNY3.10 | |
| 100 | @a19950610d1984 emky0chiy0121 ea | |
| 101 | 0 | @achi |
| 102 | @aCN@b110000 | |
| 105 | @ay iz 000yy | |
| 200 | 10 | @a中国近代手工业史资料@h第一卷@Azhong guo jin dai shou gong ye shi zi liao@e1840-1949@f彭泽益编 |
| 210 | @a北京@c中华书局@d1984 | |
| 215 | @a617页@c表格@d21cm | |
| 606 | @a工业史-手工业@y中国@z近代 | |
| 606 | 0 | @a工业经济@x中国 |
| 606 | @a手工业-工业史@y中国@z近代 | |
| 690 | @aF429.5 | |
| 701 | 0 | @a彭泽益@Apeng ze yi@4编 |
| 801 | 2 | @aCN@bNLC@c20061028 |
| 801 | 0 | @aCN@b上海图书馆@c20040429 |
| 905 | @dF429.5@e28:1 | |
| 中国近代手工业史资料.第一卷:1840-1949/彭泽益编.-北京:中华书局,1984 |
| 617页:表格;21cm |
| ISBN :CNY3.10 |
| ● |
| 相关链接 |
|
|
|
|
正题名:中国近代手工业史资料
索取号:F429.5/28:1
 
预约/预借
| 序号 | 登录号 | 条形码 | 馆藏地/架位号 | 状态 | 备注 |
| 1 | 0106311 | 000209269 | 第一样本阅览室/ [索取号:F429.5/28:1] | 在馆 |